[Event "First Saturday 2010 oktober IM-A"]
[Site "Budapest"]
[Date "2010.10.02"]
[Round "1"]
[White "To, Nhat Minh"]
[Black "Keschitz, Gyorgy"]
[Result "1/2-1/2"]
[WhiteElo "2426"]
[BlackElo "2248"]
[PlyCount "32"]
[EventDate "2010.10.02"]

1. e4 c5 2. Nf3 Nc6 3. d4 cxd4 4. Nxd4 Nf6 5. Nc3 e6 6. Ndb5 d6 7. Bf4 e5 8.
Bg5 a6 9. Na3 b5 10. Bxf6 gxf6 11. Nd5 f5 12. Bxb5 axb5 13. Nxb5 Ra4 14. Nbc7+
Kd7 15. O-O Rxe4 16. Qh5 Nd4 1/2-1/2

[Event "First Saturday 2010 oktober IM-A"]
[Site "Budapest"]
[Date "2010.10.02"]
[Round "1"]
[White "Kahn, Evarth"]
[Black "Vegh, Endre"]
[Result "1/2-1/2"]
[WhiteElo "2255"]
[BlackElo "2260"]
[PlyCount "36"]
[EventDate "2010.10.02"]

1. d4 Nf6 2. c4 g6 3. Nc3 Bg7 4. e4 d6 5. f4 O-O 6. Nf3 c5 7. d5 e6 8. Be2 exd5
9. cxd5 Re8 10. e5 dxe5 11. fxe5 Ng4 12. Bg5 Qb6 13. O-O Nxe5 14. d6 Qxb2 15.
Nd5 Nxf3+ 16. Bxf3 Bd4+ 17. Kh1 Qxa1 18. Qxa1 Bxa1 1/2-1/2

[Event "First Saturday 2010 oktober IM-A"]
[Site "Budapest"]
[Date "2010.10.02"]
[Round "1"]
[White "Battey, Alexander"]
[Black "Horvath, David"]
[Result "0-1"]
[WhiteElo "2157"]
[BlackElo "2305"]
[PlyCount "114"]
[EventDate "2010.10.02"]

1. d4 Nf6 2. Nf3 e6 3. Bg5 c5 4. e3 d5 5. Nbd2 Nc6 6. c3 Be7 7. Bd3 O-O 8. O-O
Qc7 9. dxc5 Bxc5 10. Bxf6 gxf6 11. e4 dxe4 12. Nxe4 Be7 13. Ng3 Qf4 14. Re1 f5
15. Ne2 Qh6 16. Ned4 Nxd4 17. Nxd4 Bd6 18. Nf3 Rd8 19. g3 Bd7 20. Qe2 Bc6 21.
Nd4 Bd5 22. Bc4 Bc5 23. Rad1 Be4 24. Nb3 Bb6 25. Bd3 Rxd3 26. Rxd3 Qh3 27. Rf3
Rd8 28. Rd1 Rxd1+ 29. Qxd1 f4 30. Nd2 Bxf3 31. Qxf3 fxg3 32. hxg3 Qh6 33. Ne4
f5 34. Nd6 Qc1+ 35. Kg2 Qxb2 36. g4 Qxa2 37. gxf5 Qd5 38. fxe6 Qxf3+ 39. Kxf3
Kf8 40. Ke4 a5 41. e7+ Kxe7 42. Nc8+ Kd7 43. Nxb6+ Kc6 44. Nc4 a4 45. f4 h5 46.
Na3 h4 47. c4 Kc5 48. f5 h3 49. Kf3 Kd6 50. f6 Ke6 51. f7 Kxf7 52. Kg3 Ke6 53.
Kxh3 Kd6 54. Kg4 Kc5 55. Kf4 Kb4 56. Nb5 Kxc4 57. Nd6+ Kb4 0-1

[Event "First Saturday 2010 oktober IM-A"]
[Site "Budapest"]
[Date "2010.10.02"]
[Round "1"]
[White "Antipov, Mikhail"]
[Black "Brustkern, Juergen"]
[Result "1-0"]
[WhiteElo "2278"]
[BlackElo "2299"]
[PlyCount "125"]
[EventDate "2010.10.02"]

1. e4 g6 2. d4 Bg7 3. Nf3 d6 4. c4 Nf6 5. Nc3 O-O 6. Be2 Na6 7. O-O Qe8 8. e5
Nd7 9. Bf4 dxe5 10. dxe5 Ndc5 11. Nd4 Be6 12. Qd2 Rd8 13. Qe3 f6 14. Rad1 Qf7
15. Nxe6 Nxe6 16. Bg3 fxe5 17. Bxe5 Rxd1 18. Bxd1 Bxe5 19. Qxe5 Qf6 20. Qe3 c6
21. Bg4 Nd4 22. Ne4 Qe5 23. g3 Nf5 24. Qd3 Nb4 25. Qb3 Nd4 26. Qxb4 Qxe4 27.
Bd1 b6 28. Qa3 a5 29. Qe3 Qxe3 30. fxe3 Nf5 31. Re1 Rd8 32. Bf3 Rd3 33. Bxc6
Rd2 34. g4 Nd6 35. Bd5+ Kg7 36. e4 e5 37. g5 h6 38. h4 hxg5 39. hxg5 Nf7 40.
Bxf7 Kxf7 41. Rf1+ Kg7 42. Rf2 Rd4 43. b3 Rxe4 44. Rf6 Rg4+ 45. Kf2 Rxg5 46.
Rxb6 Rf5+ 47. Ke3 g5 48. Ke4 Rf2 49. Kxe5 g4 50. Rd6 g3 51. Rd3 g2 52. Rg3+ Kf7
53. a3 Rb2 54. Kd6 Rxb3 55. Rxg2 Rxa3 56. c5 a4 57. Rd2 Rc3 58. c6 a3 59. Kd7
a2 60. Rxa2 Rd3+ 61. Kc8 Ke7 62. Rb2 Kd6 63. c7 1-0

[Event "First Saturday 2010 oktober IM-A"]
[Site "Budapest"]
[Date "2010.10.02"]
[Round "1"]
[White "Szalanczy, Emil"]
[Black "Stigar, Petter"]
[Result "0-1"]
[WhiteElo "2248"]
[BlackElo "2292"]
[PlyCount "88"]
[EventDate "2010.10.02"]

1. e4 c5 2. Nf3 g6 3. d4 cxd4 4. Nxd4 Nc6 5. Nc3 Bg7 6. Be3 Nf6 7. Bc4 Qa5 8.
O-O O-O 9. Bb3 d6 10. h3 Bd7 11. Re1 Rfe8 12. Qd3 Rac8 13. Rad1 Ne5 14. Qf1 b5
15. Ndxb5 Nxe4 16. Nxe4 Bxb5 17. Rd5 Rc5 18. Nxc5 Bxf1 19. Nd3 Qc7 20. Kxf1 e6
21. Rd4 Nxd3 22. Rxd3 Bxb2 23. c4 Bf6 24. Red1 Rd8 25. Bf4 Be7 26. g4 a5 27.
Rc1 Qc6 28. Bd2 a4 29. Bd1 Rb8 30. Bf3 Qa6 31. Be2 Qb7 32. Bf3 Qb2 33. Bf4 Qxa2
34. c5 Rb1 35. cxd6 Rxc1+ 36. Bxc1 Bxd6 37. Bh6 Qc4 38. Be2 Qc6 39. Bd1 Qa6 40.
Be2 Qc6 41. Bd1 Be7 42. Rd4 a3 43. Bb3 Qc3 44. Ra4 Qxh3+ 0-1

[Event "First Saturday 2010 oktober IM-A"]
[Site "Budapest"]
[Date "2010.10.03"]
[Round "2"]
[White "Keschitz, Gyorgy"]
[Black "Stigar, Petter"]
[Result "0-1"]
[WhiteElo "2248"]
[BlackElo "2292"]
[PlyCount "62"]
[EventDate "2010.10.02"]

1. Nf3 c5 2. g3 Nc6 3. Bg2 g6 4. O-O Bg7 5. d3 e5 6. a4 Nge7 7. c3 O-O 8. Na3
d6 9. Rb1 h6 10. b4 cxb4 11. cxb4 Nd5 12. Bd2 Be6 13. e4 Nde7 14. b5 Nd4 15.
Nxd4 exd4 16. f4 Qd7 17. Bb4 Rac8 18. Qd2 Rfd8 19. Qb2 d5 20. Bxe7 Qxe7 21.
exd5 Bxd5 22. Bxd5 Qe3+ 23. Kh1 Rxd5 24. Qb3 Rh5 25. Qd1 Rc3 26. Rf3 Qe6 27.
Nc4 Rc5 28. Qf1 R5xc4 29. dxc4 Qe4 30. Kg2 Rxf3 31. Qxf3 Qxb1 0-1

[Event "First Saturday 2010 oktober IM-A"]
[Site "Budapest"]
[Date "2010.10.03"]
[Round "2"]
[White "Brustkern, Juergen"]
[Black "Szalanczy, Emil"]
[Result "1/2-1/2"]
[WhiteElo "2299"]
[BlackElo "2248"]
[PlyCount "107"]
[EventDate "2010.10.02"]

1. d4 c5 2. d5 e6 3. c4 exd5 4. cxd5 d6 5. Nc3 g6 6. e4 Bg7 7. f4 Nh6 8. Nf3
O-O 9. Bd3 Bg4 10. h3 Bxf3 11. Qxf3 f5 12. g4 Qh4+ 13. Ke2 Nd7 14. exf5 gxf5
15. g5 Rae8+ 16. Kd1 Nf7 17. Bd2 Nfe5 18. fxe5 Nxe5 19. Qf1 Qd4 20. Bb5 Re7 21.
Qf4 a6 22. Be2 b5 23. a3 Nd3 24. Bxd3 Qxd3 25. Qf1 Qd4 26. Qf4 Re4 27. Nxe4
fxe4 28. Qe3 Qxd5 29. Re1 Re8 30. g6 hxg6 31. Qg3 Re6 32. Kc1 Bxb2+ 33. Kxb2
Qxd2+ 34. Kb1 e3 35. Ra2 Qd3+ 36. Ka1 c4 37. h4 Kh7 38. h5 g5 39. h6 Re5 40.
Kb2 Kxh6 41. Rh1+ Kg6 42. Qh3 Qd4+ 43. Kc1 Qh4 44. Qf3 Qf4 45. Qh5+ Kf5 46.
Qh7+ Ke6 47. Rh6+ Kd5 48. Qb7+ Kd4 49. Rxd6+ Kc3 50. Rc2+ Kb3 51. Rb2+ Kc3 52.
Rc2+ Kb3 53. Rb2+ Kc3 54. Rc2+ 1/2-1/2

[Event "First Saturday 2010 oktober IM-A"]
[Site "Budapest"]
[Date "2010.10.03"]
[Round "2"]
[White "Horvath, David"]
[Black "Antipov, Mikhail"]
[Result "0-1"]
[WhiteElo "2305"]
[BlackElo "2278"]
[PlyCount "67"]
[EventDate "2010.10.02"]

1. d4 Nf6 2. c4 c6 3. Nf3 d5 4. Nc3 e6 5. Bg5 h6 6. Bxf6 Qxf6 7. e3 Bd6 8. Bd3
Nd7 9. O-O Qe7 10. cxd5 exd5 11. Qc2 Nf6 12. Rfc1 O-O 13. Rab1 Re8 14. a3 Ne4
15. Bxe4 dxe4 16. Nd2 Bf5 17. b4 Rad8 18. Qb3 Qh4 19. Nf1 Be6 20. Qd1 Bc4 21.
Nxe4 Bxf1 22. Nxd6 Bxg2 23. Nxe8 Qh3 24. f3 Rxe8 25. Qe1 Bxf3 26. Qg3 Qxg3+ 27.
hxg3 Rxe3 28. Kf2 Rxa3 29. Ra1 Rb3 30. Rcb1 Rd3 31. Rxa7 b5 32. Rd7 Bd5 33. Rc1
Rb3 34. Rc5 {after 9 move} 0-1

[Event "First Saturday 2010 oktober IM-A"]
[Site "Budapest"]
[Date "2010.10.03"]
[Round "2"]
[White "To, Nhat Minh"]
[Black "Kahn, Evarth"]
[Result "1/2-1/2"]
[WhiteElo "2426"]
[BlackElo "2255"]
[PlyCount "53"]
[EventDate "2010.10.02"]

1. e4 c5 2. Nf3 d6 3. d4 cxd4 4. Nxd4 Nf6 5. Nc3 g6 6. Be3 Bg7 7. f3 O-O 8. Qd2
Nc6 9. O-O-O Be6 10. Nxe6 fxe6 11. Kb1 Qa5 12. Bc4 Kf7 13. Bh6 Bxh6 14. Qxh6
Rac8 15. Bb3 Qh5 16. Qd2 Na5 17. h4 Nc4 18. Qe2 Qc5 19. e5 dxe5 20. Bxc4 Qxc4
21. Qxe5 Rfd8 22. Rxd8 Rxd8 23. Re1 Rd6 24. Ne4 Nxe4 25. fxe4 Qd4 26. Qf4+ Ke8
27. b3 1/2-1/2

[Event "First Saturday 2010 oktober IM-A"]
[Site "Budapest"]
[Date "2010.10.04"]
[Round "3"]
[White "Kahn, Evarth"]
[Black "Keschitz, Gyorgy"]
[Result "1-0"]
[WhiteElo "2255"]
[BlackElo "2248"]
[PlyCount "293"]
[EventDate "2010.10.02"]

1. d4 Nf6 2. c4 g6 3. Nc3 Bg7 4. e4 d6 5. f4 O-O 6. Nf3 c5 7. d5 e6 8. Be2 exd5
9. cxd5 Re8 10. e5 dxe5 11. fxe5 Ng4 12. O-O Nxe5 13. d6 Nbc6 14. Nb5 Rb8 15.
Kh1 Nxf3 16. Bxf3 Nd4 17. Nxd4 Bxd4 18. Bf4 Be6 19. d7 Qxd7 20. Bxb8 Rxb8 21.
Qd2 b6 22. a3 Qb5 23. Rae1 Qxb2 24. Qf4 Rf8 25. Bc6 Bg7 26. Qd6 Bc4 27. Rf3 Bc3
28. Rd1 Be5 29. Qe7 Qe2 30. Rdf1 Bd4 31. Qxa7 Qe6 32. Rc1 Bb2 33. Bd7 Qe7 34.
Rd1 Rd8 35. Qxb6 Rxd7 36. Qb8+ Kg7 37. Qxb2+ Kg8 38. Rc1 Bd5 39. Rff1 Rb7 40.
Qf2 c4 41. a4 Ra7 42. Rfe1 Be6 43. Rb1 Qc7 44. Ra1 c3 45. Rec1 Bf5 46. Qe1 c2
47. a5 Qc4 48. Qe8+ Kg7 49. Qa4 Qd3 50. Qb4 Ra6 51. Qb2+ Kh6 52. Qa3 Qd5 53.
Qf8+ Kh5 54. Qg7 h6 55. Qc3 Be4 56. Qh3+ Kg5 57. Re1 f5 58. Ra3 Qd2 59. Raa1
Kf6 60. Qh4+ Kf7 61. Rxe4 fxe4 62. Rf1+ Kg8 63. Qxe4 Qd1 64. Qc4+ Kh8 65. Qxa6
c1=Q 66. Qa8+ Kh7 67. Qa7+ Kh8 68. Rxd1 Qxd1+ 69. Qg1 Qa4 70. Qe1 h5 71. h3 Kh7
72. Qe7+ Kh6 73. Qe5 Qc4 74. Qa1 Qa6 75. Qc1+ g5 76. Qc7 Qf1+ 77. Kh2 g4 78.
Qd6+ Kh7 79. hxg4 hxg4 80. Qd7+ Kh8 81. Qxg4 Qb5 82. Qc8+ Kh7 83. Qc7+ Kg8 84.
Qg3+ Kf7 85. Qf2+ Kg7 86. Qd2 Qh5+ 87. Kg1 Qc5+ 88. Kf1 Qb5+ 89. Kf2 Qc5+ 90.
Kg3 Qe5+ 91. Kh4 Qe4+ 92. g4 Qh1+ 93. Kg3 Qg1+ 94. Kf3 Qf1+ 95. Ke4 Qh1+ 96.
Kd4 Qg1+ 97. Kc4 Qf1+ 98. Kb3 Qf7+ 99. Kb2 Qb7+ 100. Ka3 Qe7+ 101. Qb4 Qe3+
102. Ka4 Qe8+ 103. Kb3 Qf7+ 104. Qc4 Qb7+ 105. Ka2 Qg2+ 106. Ka3 Qf3+ 107. Ka4
Qd1+ 108. Kb5 Qd7+ 109. Kb6 Kh8 110. a6 Qd6+ 111. Kb7 Qe7+ 112. Qc7 Qe4+ 113.
Kb8 Qb4+ 114. Ka8 Qe4+ 115. Qb7 Qxg4 116. a7 Qf5 117. Qc6 Qf8+ 118. Kb7 Qb4+
119. Kc7 Qa5+ 120. Kb8 Qb4+ 121. Qb7 Qd6+ 122. Qc7 Qb4+ 123. Kc8 Qg4+ 124. Qd7
Qc4+ 125. Qc7 Qg4+ 126. Kb7 Qb4+ 127. Qb6 Qe4+ 128. Qc6 Qb4+ 129. Kc7 Qf4+ 130.
Qd6 Qc4+ 131. Kb8 Qb5+ 132. Ka8 Qf5 133. Qd8+ Kh7 134. Kb7 Qb5+ 135. Qb6 Qd5+
136. Qc6 Qb3+ 137. Kc8 Qg8+ 138. Kc7 Qg3+ 139. Qd6 Qc3+ 140. Kd8 Qh8+ 141. Kd7
Qa8 142. Qd3+ Kg7 143. Qc3+ Kh7 144. Qa5 Kg7 145. Kc7 Kh7 146. Qa6 Kg7 147. Qb7
1-0

[Event "First Saturday 2010 oktober IM-A"]
[Site "Budapest"]
[Date "2010.10.04"]
[Round "3"]
[White "Antipov, Mikhail"]
[Black "Vegh, Endre"]
[Result "1-0"]
[WhiteElo "2278"]
[BlackElo "2260"]
[PlyCount "81"]
[EventDate "2010.10.02"]

1. e4 c5 2. Nf3 d6 3. d4 cxd4 4. Nxd4 Nf6 5. Nc3 Bd7 6. h3 e5 7. Nb3 Bc6 8. Bg5
Nbd7 9. Qd3 Be7 10. Be2 O-O 11. a4 h6 12. Be3 Nc5 13. Nxc5 dxc5 14. Qc4 Qb6 15.
b3 Rfd8 16. Bf3 Rac8 17. O-O Qb4 18. g3 a6 19. a5 Bd7 20. Kg2 Be6 21. Nd5 Bxd5
22. exd5 e4 23. Bg4 Nxg4 24. hxg4 Bg5 25. Bxg5 hxg5 26. c3 Qxc4 27. bxc4 Re8
28. Rab1 Rc7 29. Rb6 e3 30. Re1 e2 31. Kf3 f5 32. gxf5 g4+ 33. Kxg4 Re4+ 34.
Kg5 Rf7 35. Re6 Rxc4 36. R1xe2 Rxc3 37. Rd2 c4 38. d6 Rd7 39. Kg6 Kf8 40. Rde2
Rd8 41. d7 1-0

[Event "First Saturday 2010 oktober IM-A"]
[Site "Budapest"]
[Date "2010.10.04"]
[Round "3"]
[White "Szalanczy, Emil"]
[Black "Horvath, David"]
[Result "1-0"]
[WhiteElo "2248"]
[BlackElo "2305"]
[PlyCount "92"]
[EventDate "2010.10.02"]

1. e4 c6 2. d4 d5 3. e5 Bf5 4. Nf3 e6 5. Be2 Nd7 6. O-O Ne7 7. h3 c5 8. c3 Nc6
9. a3 Be7 10. b4 cxd4 11. cxd4 O-O 12. Bd3 Bg6 13. Nc3 Nb6 14. Ne2 Bxd3 15.
Qxd3 Nc4 16. Nf4 b5 17. Nh5 a5 18. bxa5 Rxa5 19. h4 Qe8 20. Re1 f5 21. exf6
Qxh5 22. fxe7 Nxe7 23. Rxe6 Nf5 24. Bd2 Raa8 25. Bb4 Rfe8 26. Qe2 Nxh4 27. Re1
Nxf3+ 28. Qxf3 Qf7 29. Qxd5 Reb8 30. R1e4 Kh8 31. g3 Qg8 32. Qh5 Rc8 33. Qxb5
Rab8 34. Qh5 Nb6 35. Bd6 Ra8 36. Kg2 Nd7 37. Be7 Nf8 38. Rb6 Re8 39. d5 Nd7 40.
Rbe6 Rxe7 41. Rxe7 Nf6 42. Qe5 Rxa3 43. d6 Qb3 44. Re8+ Nxe8 45. Qxe8+ Qg8 46.
d7 Rd3 1-0

[Event "First Saturday 2010 oktober IM-A"]
[Site "Budapest"]
[Date "2010.10.05"]
[Round "4"]
[White "Horvath, David"]
[Black "Stigar, Petter"]
[Result "1/2-1/2"]
[WhiteElo "2305"]
[BlackElo "2292"]
[PlyCount "34"]
[EventDate "2010.10.02"]

1. d4 d5 2. c4 e6 3. Nc3 Be7 4. Nf3 Nf6 5. Bg5 h6 6. Bh4 O-O 7. e3 Ne4 8. Bxe7
Qxe7 9. Bd3 Nxc3 10. bxc3 dxc4 11. Bxc4 b6 12. O-O Bb7 13. Qe2 c5 14. Rfd1 cxd4
15. cxd4 Nd7 16. Rac1 Rac8 17. Bb5 Nf6 1/2-1/2

[Event "First Saturday 2010 oktober IM-A"]
[Site "Budapest"]
[Date "2010.10.05"]
[Round "4"]
[White "Vegh, Endre"]
[Black "Szalanczy, Emil"]
[Result "0-1"]
[WhiteElo "2260"]
[BlackElo "2248"]
[PlyCount "126"]
[EventDate "2010.10.02"]

1. Nf3 c5 2. c4 g6 3. d4 Bg7 4. e4 Nc6 5. d5 Na5 6. Bd3 e5 7. O-O b6 8. Nc3 d6
9. h3 Nh6 10. Be3 f6 11. Qd2 Nf7 12. Kh2 f5 13. g3 O-O {after 50 move} 14. Rae1
Bd7 15. Ng1 f4 16. gxf4 exf4 17. Bxf4 Ne5 18. Bg3 Rf3 19. Be2 Naxc4 20. Bxc4
Nxc4 21. Qe2 Rxg3 22. fxg3 b5 23. Nd1 Qg5 24. Nf3 Qh6 25. Qg2 Re8 26. b3 Ne5
27. Nxe5 Rxe5 28. h4 Re7 29. Ne3 Qh5 30. Rf2 h6 31. Ref1 Qe5 32. Rf4 h5 33. Qf3
Kh7 34. Kg1 Qc3 35. Kh1 c4 36. bxc4 bxc4 37. Qe2 Bb5 38. Kg2 a6 39. R1f2 Qd4
40. Nc2 Qe5 41. Na3 Qd4 42. g4 Re5 43. gxh5 Rxh5 44. Qg4 Ba4 45. Nc2 Qe5 46.
Ne3 c3 47. Qe2 Bb5 48. Qc2 Qd4 49. Qc1 Bd3 50. Kf3 Re5 51. Ng4 Rxe4 52. Rxe4
Bxe4+ 53. Kg3 Bf5 54. Rf4 Qxd5 55. Ne3 Qd3 56. Rf3 Be5+ 57. Kf2 Qd4 58. Kf1
Bd3+ 59. Kg1 Kg7 60. Qe1 c2 61. Qc1 Qxh4 62. Rf2 Bd4 63. Rg2 Qf4 0-1

[Event "First Saturday 2010 oktober IM-A"]
[Site "Budapest"]
[Date "2010.10.05"]
[Round "4"]
[White "To, Nhat Minh"]
[Black "Antipov, Mikhail"]
[Result "1-0"]
[WhiteElo "2426"]
[BlackElo "2278"]
[PlyCount "119"]
[EventDate "2010.10.02"]

1. e4 c5 2. Nf3 d6 3. d4 cxd4 4. Qxd4 Nc6 5. Bb5 Bd7 6. Bxc6 Bxc6 7. Nc3 Nf6 8.
Bg5 e6 9. Bxf6 Qxf6 10. Qe3 Be7 11. O-O-O Qg6 12. Kb1 O-O 13. Nd4 Bd8 14. g3
Bb6 15. Qe2 Rfd8 16. Rd3 Rac8 17. Rhd1 a6 18. e5 d5 19. f4 Bd7 20. Qf3 f5 21.
exf6 Qxf6 22. Qe2 Rc4 23. Nf3 Bb5 24. Nxb5 axb5 25. Ng5 Rc6 26. Rb3 Rdc8 27.
Rc1 e5 28. Qd3 d4 29. Qxh7+ Kf8 30. Qe4 Qg6 31. Qxg6 Rxg6 32. Rxb5 exf4 33.
gxf4 Rgc6 34. Nf3 d3 35. c3 Rd8 36. Rd1 Re6 37. Ne5 d2 38. Kc2 Be3 39. Rxb7 Kg8
40. Rb4 g5 41. Nf3 gxf4 42. Rb5 Kg7 43. c4 Kf6 44. Rh5 Re4 45. b3 Rg8 46. Kd3
Ree8 47. Nxd2 Rg2 48. Ne4+ Kg6 49. Rd5 Rxa2 50. h4 Rh2 51. Rg5+ Kh6 52. Nd6
Rxh4 53. Rd5 Rf8 54. Nf5+ Rxf5 55. Rxf5 Kg6 56. Rd5 Kf6 57. Ra1 Ke7 58. Ra6 Rh3
59. Ke4 Bc1 60. Rb5 1-0

[Event "First Saturday 2010 oktober IM-A"]
[Site "Budapest"]
[Date "2010.10.05"]
[Round "4"]
[White "Kahn, Evarth"]
[Black "Battey, Alexander"]
[Result "1/2-1/2"]
[WhiteElo "2255"]
[BlackElo "2157"]
[PlyCount "25"]
[EventDate "2010.10.02"]

1. d4 e6 2. c4 f5 3. g3 Nf6 4. Bg2 d5 5. Nf3 c6 6. Qc2 Bd6 7. O-O O-O 8. Bf4
Bxf4 9. gxf4 Bd7 10. Nbd2 Be8 11. Ne5 Bh5 12. e3 Nbd7 13. b4 1/2-1/2

[Event "First Saturday 2010 oktober IM-A"]
[Site "Budapest"]
[Date "2010.10.06"]
[Round "5"]
[White "Battey, Alexander"]
[Black "Keschitz, Gyorgy"]
[Result "1-0"]
[WhiteElo "2157"]
[BlackElo "2248"]
[PlyCount "99"]
[EventDate "2010.10.02"]

1. d4 Nf6 2. c4 g6 3. Nc3 Bg7 4. e4 d6 5. Nf3 O-O 6. h3 a6 7. Be3 c6 8. a4 a5
9. Be2 Na6 10. O-O Nd7 11. g4 e5 12. d5 Ndc5 13. Kh2 Re8 14. Rg1 Bf8 15. b3 Be7
16. Rb1 Qd7 17. Qf1 Bd8 18. Qg2 Qe7 19. Nd2 Bb6 20. Qg3 Nd7 21. Rbf1 Bc5 22.
Nf3 Ba3 23. Nh4 Ndc5 24. Bf3 Kh8 25. Rb1 Rg8 26. Bh1 Nd3 27. Ne2 Bc5 28. g5
Nab4 29. Rbf1 Bd7 30. Bxc5 Nxc5 31. Qc3 Rg7 32. Rg3 f5 33. exf5 gxf5 34. f4
exf4 35. Nxf4 Qe5 36. Qxe5 dxe5 37. Nh5 f4 38. Rgg1 Rg6 39. Nf6 Rxf6 40. gxf6
Rf8 41. Rg7 Rxf6 42. Rfg1 Rf8 43. Nf3 Nbd3 44. Re7 Re8 45. d6 Rf8 46. Nxe5 Nxe5
47. Rxe5 b6 48. Re7 Rf6 49. Be4 Rh6 50. Bf5 1-0

[Event "First Saturday 2010 oktober IM-A"]
[Site "Budapest"]
[Date "2010.10.06"]
[Round "5"]
[White "Antipov, Mikhail"]
[Black "Kahn, Evarth"]
[Result "1-0"]
[WhiteElo "2278"]
[BlackElo "2255"]
[PlyCount "51"]
[EventDate "2010.10.02"]

1. e4 c5 2. Nf3 d6 3. d4 cxd4 4. Nxd4 Nf6 5. Nc3 g6 6. Be3 Bg7 7. f3 O-O 8. Qd2
Nc6 9. Bc4 Bd7 10. O-O-O Qb8 11. Bb3 a5 12. a4 Nb4 13. Bh6 Rc8 14. h4 b5 15.
Ndxb5 d5 16. Bxg7 Kxg7 17. exd5 Bxb5 18. Nxb5 Nfxd5 19. c3 Nb6 20. h5 Nc4 21.
Qd4+ e5 22. Qh4 Qb6 23. Bxc4 Qe3+ 24. Kb1 g5 25. h6+ Kf8 26. Qg4 1-0

[Event "First Saturday 2010 oktober IM-A"]
[Site "Budapest"]
[Date "2010.10.06"]
[Round "5"]
[White "Szalanczy, Emil"]
[Black "To, Nhat Minh"]
[Result "0-1"]
[WhiteElo "2248"]
[BlackElo "2426"]
[PlyCount "118"]
[EventDate "2010.10.02"]

1. e4 c5 2. Nf3 d6 3. d4 cxd4 4. Nxd4 Nf6 5. Nc3 a6 6. Be3 e5 7. Nde2 Be6 8. f4
Qa5 9. f5 Bd7 10. Ng3 Bc6 11. Bd3 d5 12. Bd2 Bb4 13. a3 Bxc3 14. Bxc3 Qc7 15.
Qe2 Nbd7 16. O-O O-O-O 17. a4 Rhe8 18. a5 Nc5 19. exd5 Nxd5 20. Nh5 Nxc3 21.
bxc3 Nxd3 22. cxd3 f6 23. Ng3 Rd5 24. Ne4 Red8 25. Rf3 Rxa5 26. Rxa5 Qxa5 27.
h4 Qb5 28. Rg3 Bxe4 29. Qxe4 Rd7 30. Kh2 a5 31. Qe2 h6 32. Qa2 Kb8 33. Qg8+ Ka7
34. Qf8 Qa4 35. Kh3 h5 36. Qc5+ b6 37. Qc8 Rb7 38. Qf8 Qd7 39. Rf3 Rc7 40. Qa3
Qc6 41. d4 e4 42. Re3 Qd7 43. Kh2 Qxf5 44. Qd6 Rd7 45. Qc6 Qf4+ 46. g3 Qf2+ 47.
Kh3 Re7 48. Qd6 Rb7 49. Qf4 Qxf4 50. gxf4 f5 51. c4 Rd7 52. d5 b5 53. cxb5 Rxd5
54. Kg2 g6 55. Kf2 Rd2+ 56. Ke1 Rg2 57. Kd1 Kb6 58. Rb3 a4 59. Rb4 a3 0-1

[Event "First Saturday 2010 oktober IM-A"]
[Site "Budapest"]
[Date "2010.10.06"]
[Round "5"]
[White "Stigar, Petter"]
[Black "Vegh, Endre"]
[Result "1-0"]
[WhiteElo "2292"]
[BlackElo "2260"]
[PlyCount "73"]
[EventDate "2010.10.02"]

1. Nf3 f5 2. g3 Nf6 3. Bg2 g6 4. O-O Bg7 5. d4 O-O 6. c4 d6 7. Nc3 Qe8 8. Re1
Qf7 9. e4 fxe4 10. Nxe4 Qxc4 11. Nxf6+ Bxf6 12. Bh6 Na6 13. Bxf8 Kxf8 14. Qd2
Kg7 15. a3 c5 16. Rac1 Qd5 17. Rcd1 Qh5 18. dxc5 Nxc5 19. b4 Ne6 20. Qa2 Nc7
21. Qc4 Ne8 22. Nd4 Qg4 23. Bxb7 Rb8 24. Bxc8 Qxc8 25. Ne6+ Kh8 26. Qxc8 Rxc8
27. Rc1 Rb8 28. Nc7 Nxc7 29. Rxc7 a5 30. Rb1 axb4 31. Rxb4 Ra8 32. a4 Kg7 33.
Kf1 Ra5 34. Rc2 d5 35. Ke2 d4 36. Kd3 g5 37. Ra2 1-0

[Event "First Saturday 2010 oktober IM-A"]
[Site "Budapest"]
[Date "2010.10.06"]
[Round "5"]
[White "Brustkern, Juergen"]
[Black "Horvath, David"]
[Result "1-0"]
[WhiteElo "2299"]
[BlackElo "2305"]
[PlyCount "37"]
[EventDate "2010.10.02"]

1. e4 c6 2. d4 d5 3. f3 dxe4 4. fxe4 e5 5. Nf3 exd4 6. Bc4 Be7 7. O-O Nf6 8.
Ng5 O-O 9. Nxf7 Qb6 10. Ng5+ Kh8 11. e5 Nd5 12. Rxf8+ Bxf8 13. Qh5 h6 14. Bd3
Ne7 15. Qe8 Nd7 16. e6 Qc7 17. Nf7+ Kg8 18. Nxh6+ gxh6 19. Qf7+ 1-0

[Event "First Saturday 2010 oktober IM-A"]
[Site "Budapest"]
[Date "2010.10.07"]
[Round "6"]
[White "Keschitz, Gyorgy"]
[Black "Horvath, David"]
[Result "1/2-1/2"]
[WhiteElo "2248"]
[BlackElo "2305"]
[PlyCount "118"]
[EventDate "2010.10.02"]

1. Nf3 c5 2. g3 Nc6 3. Bg2 g6 4. O-O Bg7 5. d3 d6 6. c3 e5 7. a4 Nge7 8. Na3
O-O 9. Rb1 a5 10. Nb5 h6 11. Nd2 Be6 12. e4 d5 13. exd5 Bxd5 14. Bxd5 Nxd5 15.
Qf3 f5 16. Nc4 Rf6 17. Re1 Re6 18. Be3 b6 19. Rbd1 Qd7 20. Bc1 Rd8 21. Qe2 Rde8
22. f3 Kh7 23. Qc2 Na7 24. Nxa7 Qxa7 25. Qb3 Qd7 26. Re2 Qc6 27. Rf1 Rd8 28.
Rfe1 Rde8 29. Nd2 Nc7 30. Qc4 Qd7 31. Nf1 Rd8 32. f4 Qxd3 33. Qxd3 Rxd3 34.
fxe5 Rd5 35. Nd2 Na6 36. Nc4 Nb8 37. h4 Nd7 38. Bf4 g5 39. hxg5 hxg5 40. Bxg5
Nxe5 41. Nxe5 Rexe5 42. Rxe5 Bxe5 43. Kf2 Kg6 44. Be3 Bf6 45. Bf4 Kf7 46. Re2
c4 47. Rd2 Ke6 48. Be3 Rxd2+ 49. Bxd2 Be7 50. Kf3 Bc5 51. Bf4 Bd6 52. Be3 Bc5
53. Bg5 Bg1 54. Bh6 Bc5 55. Bg7 Bd6 56. Bd4 Bc7 57. Bf2 Kd5 58. Be3 Ke6 59. Bd4
Kd5 1/2-1/2

[Event "First Saturday 2010 oktober IM-A"]
[Site "Budapest"]
[Date "2010.10.07"]
[Round "6"]
[White "To, Nhat Minh"]
[Black "Stigar, Petter"]
[Result "1/2-1/2"]
[WhiteElo "2426"]
[BlackElo "2292"]
[PlyCount "57"]
[EventDate "2010.10.02"]

1. e4 c5 2. Nf3 g6 3. d4 cxd4 4. Nxd4 Nc6 5. c4 Nf6 6. Nc3 d6 7. Be2 Bg7 8. Be3
O-O 9. O-O Nxd4 10. Bxd4 Bd7 11. h3 Bc6 12. Qd3 a5 13. a3 a4 14. Rab1 Nd7 15.
Bxg7 Kxg7 16. Qd4+ Kg8 17. Nd5 e5 18. Qd2 Bxd5 19. Qxd5 Nc5 20. Rbd1 Ra6 21. f4
Qe7 22. f5 Qh4 23. Bg4 Kg7 24. Kh2 Rb6 25. Rd2 f6 26. g3 Qg5 27. fxg6 hxg6 28.
Re2 f5 29. exf5 1/2-1/2

[Event "First Saturday 2010 oktober IM-A"]
[Site "Budapest"]
[Date "2010.10.07"]
[Round "6"]
[White "Kahn, Evarth"]
[Black "Szalanczy, Emil"]
[Result "1/2-1/2"]
[WhiteElo "2255"]
[BlackElo "2248"]
[PlyCount "27"]
[EventDate "2010.10.02"]

1. e4 c5 2. Nf3 d6 3. d4 cxd4 4. Nxd4 Nf6 5. Nc3 g6 6. Be3 Bg7 7. f3 O-O 8. Qd2
Nc6 9. O-O-O d5 10. exd5 Nxd5 11. Nxc6 bxc6 12. Nxd5 cxd5 13. Qxd5 Qc7 14. Qc5
1/2-1/2

[Event "First Saturday 2010 oktober IM-A"]
[Site "Budapest"]
[Date "2010.10.07"]
[Round "6"]
[White "Battey, Alexander"]
[Black "Antipov, Mikhail"]
[Result "0-1"]
[WhiteElo "2157"]
[BlackElo "2278"]
[PlyCount "94"]
[EventDate "2010.10.02"]

1. e4 c5 2. Nc3 d6 3. f4 Nc6 4. Nf3 g6 5. Bc4 Bg7 6. O-O e6 7. d3 Nge7 8. Qe1
Nd4 9. Nxd4 cxd4 10. Ne2 O-O 11. Bb3 a6 12. a4 Nc6 13. Bd2 d5 14. e5 f6 15.
exf6 Bxf6 16. Kh1 Qb6 17. Ng1 Nb4 18. Qg3 Bd7 19. f5 exf5 20. Nf3 Rae8 21. Rae1
Kg7 22. Ne5 Be6 23. Re2 Qd8 24. Qf4 Nc6 25. Nf3 Bf7 26. Qh6+ Kh8 27. Ng5 Bg8
28. Rfe1 Ne5 29. h3 b6 30. Bf4 Nf7 31. Nxf7+ Bxf7 32. Rxe8 Rxe8 33. Rxe8+ Qxe8
34. Bc7 Qe7 35. Qf4 Kg7 36. Bxb6 Qe1+ 37. Kh2 g5 38. Qf3 Be5+ 39. g3 Bh5 40.
Ba5 Qxa5 41. Qxh5 Qd2+ 42. Kg1 Qe1+ 43. Kg2 Qxg3+ 44. Kf1 Qf4+ 45. Ke2 Qh2+ 46.
Kf3 Qh1+ 47. Kf2 Bg3+ 0-1